000 00631nam a2200193 u 4500
005 20240419063754.0
008 151119s2011 es r 000 0 spa d
020 _a9781445427362
035 _aUPN01000206961
049 _aI
050 4 _aPZ74
_bH8.2
100 1 _aHughes, Monica,
_d1944-
_933058
245 1 3 _aLa bella durmiente /
_cadaptación de Monica Hughes ; il. Gaby Hansen ; tr. Marina Bendersky.
260 _aBarcelona, Esp. :
_bParragon,
_c2011.
300 _a29 p. :
_bprincipalmente il. col.
650 0 _aCuentos de hadas
_xAdaptaciones
_919910
650 4 _aLibros y lectura para niños
_92290
905 _aInfantil
999 _c179062
_d179062